| 000 | 00400nam a22001457a 4500 | ||
|---|---|---|---|
| 005 | 20160204112534.0 | ||
| 008 | 160204b xxu||||| |||| 00| 0 eng d | ||
| 040 | _cPK-LaUMT | ||
| 082 |
_aAMC 956.0841 _bCAR-R |
||
| 100 | _aCaractacus | ||
| 245 |
_aRevolution in Iraq _ban essay in comparative public opinion _cCaractacus |
||
| 260 |
_aLondon _bVictor gollancz _c1959 |
||
| 300 | _a207 p. | ||
| 942 | _cBK | ||
| 999 |
_c82623 _d82623 |
||